PATKATHA KAISE LIKHEIN (Record no. 5380)

MARC details
000 -LEADER
fixed length control field 00333nam a22001457a 4500
005 - DATE AND TIME OF LATEST TRANSACTION
control field 20170401142057.0
008 - FIXED-LENGTH DATA ELEMENTS--GENERAL INFORMATION
fixed length control field 170401b xxu||||| |||| 00| 0 eng d
020 ## - INTERNATIONAL STANDARD BOOK NUMBER
ISBN 81-8143-603-2
041 ## - LANGUAGE CODE
Language code of text/sound track or separate title eng
100 ## - MAIN ENTRY--AUTHOR NAME
Personal name PANDEY,RAJENDRA
245 ## - TITLE STATEMENT
Title PATKATHA KAISE LIKHEIN
300 ## - PHYSICAL DESCRIPTION
Number of Pages 147
650 ## - SUBJECT ADDED ENTRY--TOPICAL TERM
Topical Term MASS COMM
942 ## - ADDED ENTRY ELEMENTS (KOHA)
Koha item type Books
Holdings
Lost status Damaged status Home library Current library Shelving location Date acquired Source of acquisition Cost, normal purchase price Accession Number Koha item type
    JRU Library   SHELF-32-G 30/04/2017 PURCHASE 300.00 21603 Books
    JRU Library   SHELF-32-H 30/04/2017 PURCHASE 300.00 21604 Books
    JRU Library   SHELF-31-I 30/04/2017 PURCHASE 300.00 21605 Books